000
00356nam a2200157Ia 4500
008
151213s9999 xx 000 0 und d
100
_a
H,P.Gupta
245
_a
Comparative Law
_c
H,P.Gupta
250
_a
1st
260
_a
India
_b
Contract Law Agency
_c
1994
300
_a
5155 p.
650
_a
Law
650
_a
Law
700
_a
H,P.Gupta
999
_c
3183
_d
3183